Dolnośląskie - prawda czy fałsz? - Statystyki

Ogólne statystyki
  • Ten quiz został rozwiązany 121 razy
    117 od ostatniego zresetowania
  • Średni wynik to 10 z 15
Statystyki odpowiedzi
Zagadnienie Odpowiedź % Poprawnych
Twierdza Kłodzko znajduje się w tym województwie Prawda
95%
Posiada 4 miasta na prawach powiatu Prawda
86%
Sudety leżą w województwie dolnośląskim Prawda
86%
Graniczy z dwoma województwami Fałsz
81%
Na terenie województwa znajduje się elektrownia Bełchatów Fałsz
81%
Śnieżka jest najwyższym szczytem województwa Prawda
81%
W województwie znajduje się miasto Leszno Fałsz
76%
Na terenie województwa znajdują się kopalnie złota Prawda
71%
Tutaj zaczyna płynąć Odra Fałsz
62%
Powiat bolesławiecki jest największym Powiatem Fałsz
62%
W Ekstraklasie gra jeden klub z tego województwa Fałsz
52%
Jest większe od Słowenii Fałsz
43%
Łemkowie to najliczniejsza mniejszość etniczna w województwie Prawda
38%
W województwie znajduje się ponad 100 miast Fałsz
29%
Maciej Awiżeń jest wojewodom województwa dolnośląskiego Prawda
24%
Nie znaleziono quizów pasujących do podanych kryteriów
Rozkład punktacji
Procent ludzi z każdym wynikiem
Percentyl według liczby udzielonych odpowiedzi
Twoja historia wyników
Nie rozwiązałeś tego quizu od ostatniego zresetowania